History Quiz

Random History or Year Quiz

1980 Quiz Stats

 Plays Quiz Updated Oct 11, 2018

Score 0/30 Timer 08:00
5 Plays Today
Date Answer % Correct
March 21stMoscow
78.1%
September 22ndIraq
78%
March 21stDallas
76.8%
November 4thRonald Reagan
76.2%
June 20thBlues Brothers
75.4%
July 27thIran
71.8%
December 8thJohn Lennon
69.8%
February 22ndMiracle on Ice
67.3%
January 20thPittsburgh Steelers
66.6%
May 22ndPac-Man
62.9%
May 18thMount St. Helens
58.7%
June 7thJohn McEnroe
56.4%
October 2ndMuhammad Ali
55.6%
July 25thBack in Black
55.3%
June 1stCNN
52.2%
Date Answer % Correct
June 23rdDavid Letterman
49.1%
May 21stStar Wars Episode V: The Empire Strikes Back
47.9%
April 16thArthur Ashe
42.6%
May 29thLarry Bird
40.8%
May 8thSmall Pox
39.6%
July 1stCanada
35.7%
October 21stPhiladelphia Phillies
31%
March 4thRobert Mugabe
29.9%
December 4th Led Zeppelin
17.5%
April 12thTerry Fox
15.6%
September 19thOrdinary People
15.1%
November 18thGeorge Brett
14.4%
August 21stPirates of Penzance
7%
September 23rdBob Marley
5.3%
October 10thAlgeria
1.6%

You're not logged in!

Compare scores with friends on all Sporcle quizzes.
OR
Log In

Sporcle TV

Today on Sporcle TV


Watch our educational content, quiz creation guides, and fun videos on Sporcle TV.

Show Comments

Extras

Top Quizzes Today


Score Distribution

Your Account Isn't Verified!

In order to create a playlist on Sporcle, you need to verify the email address you used during registration. Go to your Sporcle Settings to finish the process.

Report this User

Report this user for behavior that violates our Community Guidelines.

Details: